Music Quiz

Random Music or Bands Quiz

Pop Music Artists Quiz Stats

 Plays Quiz Updated Aug 3, 2018

Score 0/25 Timer 05:00
15 Plays Today
% Correct
Michael Jackson
98.7%
Lady Gaga
96.3%
Justin Timberlake
92.9%
Beyoncé
91.1%
Britney Spears
90.4%
Taylor Swift
89.5%
Justin Bieber
88.8%
The Black Eyed Peas
87.9%
Adele
84.3%
Jennifer Lopez
83.8%
Christina Aguilera
77.1%
Céline Dion
76.6%
PSY
75.4%
% Correct
Maroon 5
75.1%
Kelly Clarkson
71.2%
No Doubt
69%
Bee Gees
66.5%
Backstreet Boys
63.3%
Adam Lambert
57.5%
Ricky Martin
55.7%
Jessie J
53.2%
Cyndi Lauper
46.9%
fun.
44.1%
Robbie Williams
40.2%
Nelly Furtado
35.2%

You're not logged in!

Compare scores with friends on all Sporcle quizzes.
OR
Log In

Show Comments

Extras

Top Quizzes Today


Score Distribution

Your Account Isn't Verified!

In order to create a playlist on Sporcle, you need to verify the email address you used during registration. Go to your Sporcle Settings to finish the process.

Report this User

Report this user for behavior that violates our Community Guidelines.

Details: